000 00942nam a2200277 a 4500
001 BRL_1594
005 20190320211258.0
008 090414s1972----mx-ao#####---#000-0#spa-#
041 _aspa
044 _amx
050 4 _aF1219.3.A7
_b.W47 1972
100 1 _aWestheim, Paul
_96016
245 1 0 _aIdeas fundamentales del arte prehispánico en México
_cPaul Westheim ; tr. Mariana Frenk.
260 _aMéxico
_bEditorial Era
_c1972
300 _a327 p.
_bil. algunas a color
_c22 cm.
440 0 _aBiblioteca Era
_pSerie Mayor
_926405
500 _aAu384
500 _aIncluye índice analítico e ilustaciones.
500 _aVer también número de sistema 538 perteneciente al Fondo Ruth D. Lechuga
650 1 4 _aArte indígena
_zMéxico
_9597
650 1 4 _aIndígenas de México
_xAntigüedades
_zMéxico
_92762
651 4 _aMéxico
_xAntigüedades
_92765
700 1 _aFrenk, Mariana
_etr.
_927387
902 _aGRL
942 _2lcc
_cB
999 _c10403
_d10403